Регионална библиотека "Любен Каравелов" - Русе

Слава и благодат (Запис номер 518585)

MARC детайли
000 -Лидер
Контролно поле с фиксирана дължина 01092nam a2200253 a 4500
003 - Код на организацията, давaща контролен номер
Контролно поле BLK
005 - Дата и час на последна редакция
Контролно поле 20250505121841.0
008 - Елементи от данни с фиксирана дължина
fixed length control field 230505b bu |||||||||| 00| | bu d
020 ## - Международен стандартен номер на книга ISBN
Международен стандартен номер на книга ISBN 9786192441142
040 ## - Източник на каталожния запис
Идентификатор на билиотеката - собственик на записа BLK
041 ## - Код за език
Код за езика на текст/звукозапис или на отделно заглавие Български
Код за езика КДБФ Български
080 ## - УДК
Текстов определител УДК Американска литература (на САЩ)
УДК код - определител по УДК 821.111(73)
УДК определител -312.9
УДК - код + определител 821.111(73)-312.9
100 ## - Редна дума - Автор
R(LIN) 333730
Автор Арментраут, Дженифър Л.
Авторска отговорност първи автор
139 ## - Редно поле
Редна дума Арментраут, Дженифър Л.
Авторски знак Арм - А 86
245 ## - Сведения за заглавието
Заглавие Слава и благодат
Редно поле (дума) Дженифър Л. Арментраут ; прев. от англ. Мариана Христова
260 ## - Област на издателските данни
9 (RLIN) 209815
Място на издаване, разпространение и проч. София
Име на издателя, разпространителя и проч. ИнфоДар
Година на издаване 2024
Издателство - префикс ISBN 978-954-761- ; 954-8485-
300 ## - Физическа характеристика
Страници 480 с.
Размери/Мащаб 23 см
380 ## - Жанр
Жанр Худож. лит.
490 ## - СЕРИИ (Колекции)
9 (RLIN) 489133
Име на серия Предвестникът
№: серия Кн. 3
700 1# - Други автори (авторска отговорност)
9 (RLIN) 138298
Лично име Христова, Мариана Иванова
Автороска отговорност (Описва отношението между автора и произведението) прев. от англ.
856 ## - Електронен адрес и достъп
Инструкция (цена за достъп) 0.00
Права за достъп disable
942 ## - АРТИКУЛИ
Вид на библиотечния материал Книги
Скрит в OPAC Не
Периодичен библиозапис Да
Koha issues (borrowed), all copies 33
944 ## - СЪЗДАВАНЕ И РЕДАКЦИЯ на ЗАПИСА
Дата на регистрацията/редакция Нора Радева
Служител, извършил регистрацията/редакцията 30534
Създаване/Редакция
Статус, дата на статуса Радостина Карадакова
999 ## - СИСТЕМНИ КОНТРОЛНИ НОМЕРА
Koha biblionumber 518585
Koha biblioitemnumber 518585
Наличности
Код за отписване Код за изгубен артикул Източник на класификационната схема Код за повреда Код за отдаване Артикулен № Име на библиотеката - собственик Име на библиотеката, в която се намира в момента Статус (Текущо местоположение) Дата на вписване в системата Местоположение - отдел Цена в лева Инвентарен номер Систематично азбучна сигнатура Баркод Цена в евро Служебен тип на артикула
  Не е изгубен Universal Decimal Classification Не е повреден заемане за дома 951088 Регионална библиотека "Любен Каравелов" Русе Регионална библиотека "Любен Каравелов" Русе Заемна - подръчен фонд 2024-10-08 Заемна - подръчен фонд 18.13 120000913716 821-31/А 86 Д 120000913716 9.27 Книги
  Не е изгубен Universal Decimal Classification Не е повреден заемане за дома 951089 Регионална библиотека "Любен Каравелов" Русе Регионална библиотека "Любен Каравелов" Русе Заемна - подръчен фонд 2024-10-08 Заемна - подръчен фонд 18.13 120000913715 821-31/А 86 Д 120000913715 9.27 Книги
Vip Innovations Ltd, Rousse, Bulgaria 2025